| 000 | 00868cam a2200325 i 4500 | ||
|---|---|---|---|
| 001 | 0000592 | ||
| 003 | DO-SdBNP | ||
| 005 | 20171121100920.0 | ||
| 007 | 0000592 | ||
| 008 | 100514s 2006 sp | |||| 000 f spa | ||
| 015 | _a | ||
| 017 |
_a _b |
||
| 020 | _a8466368426 | ||
| 035 | _a | ||
| 040 |
_aBPMSU _bspa _cBPMSU _e |
||
| 080 | _a | ||
| 082 | 4 |
_a864.7 _bC551c |
|
| 100 | 1 |
_aChordá, Carlos, _d1965- |
|
| 245 | 1 | 0 |
_aCiencia para Nicolás / _cCarlos Chordá ; prólogo Javier Armentia |
| 260 |
_aMadrid: _bPunto de lectura, _c2006. |
||
| 300 |
_a285 p.: _c19 cm |
||
| 490 | 1 |
_aPunto de lectura _v108 / 1 |
|
| 650 | 4 | _aENSAYOS ESPAÑOLES | |
| 650 | 4 | _aLITERATURA ESPAÑOLA | |
| 700 | 1 | 2 |
_aArmentia, Javier, _epról. |
| 830 | 0 |
_aPunto de lectura _n108 / 1 |
|
| 942 |
_2ddc _cBK |
||
| 945 | _aInventariado, 2017/MFF | ||
| 956 |
_aYLOCKWARD _810 _cBPMSU |
||
| 999 |
_c11113 _d11113 |
||